Football A-Z - Statistics

General Stats
  • This quiz has been taken 40 times
  • The average score is 16 of 26
Answer Stats
Hint Answer % Correct
What country is Kevin de Bruyne from? Belgium
100%
Who is Real Madrid's city rival? Atletico Madrid
95%
Rangers (Scotland) biggest rival? Celtic
92%
Who's the all-time leading scorer for the Ivory Coast? Didier Drogba
89%
What is it called when a player scores 3 goals in one match? Hattrick
86%
Who hosted the 2022 World Cup? Qatar
86%
Excluding Brazil, what country has qualified for the most World Cups? Germany
84%
Who was the most expensive transfer of all time? Neymar
78%
Who's one of the three countries hosting the 2026 World Cup? United States of America
78%
Who won the 2024-25 UEFA Champions League? Paris Saint-Germain
76%
Who's the youngest goal scorer in Spain National Team history? Lamine Yamal
73%
Who has scored the most goals in LaLiga history? Lionel Messi
73%
Who's the player with the most African Player of the Year awards? Samuel Eto'o
65%
Who won the 2024 UEFA European Championship? Spain
62%
Who has the most appearances for FC Barcelona? Xavi
62%
What Argentinian player has played for Manchester United and Manchester City? Carlos Tevez
59%
What team does Ryan Reynolds and Rob Mac own? Wrexham
59%
Who has the fewest appearances to reach 100 clean sheets in LaLiga? Jan Oblak
51%
Who made two back to back UEFA Conference League finals in 2022-23 and 2023-24? Fiorentina
49%
Who is the 2003-04 UEFA Europa League champion? Valencia
43%
Who's the greatest player of all time? (If you want 100% you gotta accept the truth) Zlatan Ibrahimovic
41%
Who's the current president of FC Barcelona? Joan Laporta
35%
What player has the most free-kick goals of all time? Juninho
35%
Who's the first ever Uzbekistani Premier League Player? Abdukodir Khusanov
30%
Who's the fictional character from 'Ted Lasso' based on Zlatan Ibrahimovic? Zava
16%
Who's the youngest player to debut in LaLiga? Luka Romero
5%
No matching quizzes found
Score Distribution
Percent of People with Each Score
Percentile by Number Answered
Your Score History
You have not taken this quiz